Catálogo

Vista normal Vista MARC

Entrada Personal Name

Número de registros utilizados en: 3

001 - CONTROL NUMBER

  • control field: 10253

003 - CONTROL NUMBER IDENTIFIER

  • control field: DLC

005 - DATE AND TIME OF LATEST TRANSACTION

  • control field: 20191115130509.0

008 - FIXED-LENGTH DATA ELEMENTS

  • fixed length control field: 800522n| acannaab| |a aaa |||

010 ## - LIBRARY OF CONGRESS CONTROL NUMBER

  • LC control number: n 79107864

040 ## - CATALOGING SOURCE

  • Original cataloging agency: DLC
  • Transcribing agency: Mx-PuUPA
  • Modifying agency: DLC
  • Modifying agency: Mx-PuUPA
  • Language of cataloging: spa
  • Description conventions: rda

100 10 - HEADING--PERSONAL NAME

  • Personal name: Linn, Matthew,

374 ## - OCCUPATION

  • Occupation: Autor

375 ## - GENDER

  • Gender: hombre

377 ## - ASSOCIATED LANGUAGE

  • Language code: eng

400 10 - SEE FROM TRACING--PERSONAL NAME

  • Personal name: Linn, Matt

670 ## - SOURCE DATA FOUND

  • Source citation: Author's Healing of memories, 1974.

670 ## - SOURCE DATA FOUND

  • Source citation: Don't forgive too soon, 1997:
  • Information found: CIP t.p. (Matthew Linn, S.J.) CIP galley (Matt Linn)

670 ## - SOURCE DATA FOUND

  • Source citation: Descubriendo el propósito de mi vida, 2004:
  • Information found: t.p. (Matthew Linn)

670 ## - SOURCE DATA FOUND

  • Source citation: Biblioteca del congreso (Estados Unidos), 15 noviembre 2019:
  • Information found: Catálogo electrónico
  • Uniform Resource Identifier: http://bit.ly/2r1rfkP